| 000 | 00480nam a2200169 i 4500 | ||
|---|---|---|---|
| 001 | 81916 | ||
| 003 | ES-MaACL | ||
| 005 | 20230906174533.0 | ||
| 007 | t| | ||
| 008 | 041108s1967 sp ||||1| spa d | ||
| 100 | 1 |
_aIglesias Ortega, Luis MarĂa. _965128 |
|
| 245 | 1 | 0 |
_a15 pasos hacia Cristo / _cIglesias Ortega, L. |
| 260 |
_aVillava (Pamplona) : _bOPE, _c[1967] |
||
| 300 |
_a175 p. ; _c19 cm. |
||
| 740 | 0 | _aQuince pasos hacia Cristo. | |
| 852 |
_aES-MaACL _jC-51396 _bR.65827 |
||
| 999 |
_c81916 _d81916 |
||